000 01044cam a2200313 a 4500
001 12507614
003 ARRUPE
005 20220524101920.0
008 010820s2001 sa b 001 0 eng
010 _a 2001419650
020 _a0702154717
040 _aDLC
_cDLC
_dDLC
043 _af-sa---
050 0 0 _aKTL2460
_b.D43 2001
082 0 0 _a342.68/085
_221
100 1 _aDe Waal, Johan.
_951815
245 1 4 _aThe Bill of Rights handbook /
_cby Johan de Waal, Iain Currie, Gerhard Erasmus.
250 _a4th ed.
260 _aLansdowne :
_bJuta & Co.,
_c2001.
300 _axxix, 685 p. ;
_c25 cm.
500 _a"In association with Lawyers for Human Rights and the Law Society of South Africa."
504 _aIncludes bibliographical references and index.
650 0 _aCivil rights
_zSouth Africa.
_913364
700 1 _aCurrie, Iain.
_951816
700 1 _aErasmus, Gerhard.
_951817
906 _a7
_bcbc
_corignew
_d2
_encip
_f20
_gy-gencatlg
942 _2lcc
_cMONOGRAPH
999 _c131510
_d131510